| 000 | 00579nam a22001817a 4500 | ||
|---|---|---|---|
| 001 | T027600006014 | ||
| 008 | 181111b xve|||||r|||| 00| | esp d | ||
| 099 |
_aIVP-D-02564 _b |
||
| 100 | _aSecretaría de Planificación y Programación de la Presidencia (SEGEPLAN)-Gobierno de Guatemala. | ||
| 245 | _aFormulación y evaluación de proyectos. | ||
| 260 | _a | ||
| 500 | _aImpreso | ||
| 650 | _aFormulación de Proyectos--Estudio de casos--Guatemala. | ||
| 650 | _aGuatemala. | ||
| 650 | _aEspañol | ||
| 700 |
_aOrganización de Estados Americanos (OEA). _e |
||
| 942 | _cLIB | ||
| 999 |
_c7146 _d7146 |
||